01083 2200361 4500001002100000005001500021035002000036007000300056008004100059020001800100082000800118084001400126100004700140245006900187250001500256300003000271700002900301520012200330600002000452264003100472336002100503337003000524338002300554990001600577990001600593990001600609990001600625990001600641990001600657990001600673990001600689990001600705INLIS00000000000001920260409111042 a0010-0426000018ta260409 e 1 ind  a9786023758067 a899 a899 ZIG s0 aZiggy, ZezsyazeoviennazabrizkieePengarang1 aSemua Ikan di langit /cPenulis, Ziggy, Zezsyazeoviennazabrizkie aCetakan 19 a216 :bIlustrasi ;c20 cm0 aTim GrasindoePenyunting aSemua Ikan di Langit ditulis dengan keterampilan bahasa yang berada di atas rata-rata para peserta sayembara kaliini. 4aFiksi Indonesia aJakarta :bGrasindo,c2025 2rdacontentaTeks 2rdamediaaTanpa Perantara 2rdacarrieraVolume aPP000014/25 aPC000040/25 aAT000080/25 aSP000102/25 aPT000279/25 aTT000440/25 aPP000581/25 aNM003254/25 aAP003794/25